<?xml version="1.0" encoding="UTF-8"?>
<record
    xmlns:xsi="http://www.w3.org/2001/XMLSchema-instance"
    xsi:schemaLocation="http://www.loc.gov/MARC21/slim http://www.loc.gov/standards/marcxml/schema/MARC21slim.xsd"
    xmlns="http://www.loc.gov/MARC21/slim">

  <leader>00660nam a2200217 a 4500</leader>
  <controlfield tag="001">1119</controlfield>
  <controlfield tag="003">BR-CuiBMT</controlfield>
  <controlfield tag="005">20231129022927.0</controlfield>
  <controlfield tag="008">231126s2008    mtb           000 0 por d</controlfield>
  <datafield tag="020" ind1=" " ind2=" ">
    <subfield code="a">9788561389000</subfield>
  </datafield>
  <datafield tag="040" ind1=" " ind2=" ">
    <subfield code="a">BR-CuiBMT</subfield>
    <subfield code="c">BR-CuiBMT</subfield>
  </datafield>
  <datafield tag="080" ind1=" " ind2=" ">
    <subfield code="2">2007</subfield>
    <subfield code="a">82-1</subfield>
    <subfield code="x">(817.2)</subfield>
  </datafield>
  <datafield tag="090" ind1=" " ind2=" ">
    <subfield code="a">82-1(817.2)</subfield>
    <subfield code="b">M386c</subfield>
  </datafield>
  <datafield tag="100" ind1="1" ind2=" ">
    <subfield code="a">Martins J&#xFA;nior, Mois&#xE9;s Mendes, </subfield>
    <subfield code="d">1941-</subfield>
  </datafield>
  <datafield tag="245" ind1="1" ind2="3">
    <subfield code="a">Do cerrado, pantanal ao cosmo :</subfield>
    <subfield code="b">um passeio po&#xE9;tico /</subfield>
    <subfield code="c">Mois&#xE9;s Mendes Martins J&#xFA;nior.</subfield>
  </datafield>
  <datafield tag="260" ind1=" " ind2=" ">
    <subfield code="a">Cuiab&#xE1; :</subfield>
    <subfield code="b">Futura,</subfield>
    <subfield code="c">2008.</subfield>
  </datafield>
  <datafield tag="300" ind1=" " ind2=" ">
    <subfield code="a">323 p. ;</subfield>
    <subfield code="c">21 cm</subfield>
  </datafield>
  <datafield tag="650" ind1=" " ind2=" ">
    <subfield code="a">Poemas</subfield>
    <subfield code="x">Hist&#xF3;rias</subfield>
    <subfield code="z">Pantanal (MT)</subfield>
  </datafield>
  <datafield tag="650" ind1=" " ind2=" ">
    <subfield code="a">Poesia mato-grossense </subfield>
  </datafield>
  <datafield tag="942" ind1=" " ind2=" ">
    <subfield code="2">udc</subfield>
    <subfield code="c">LV</subfield>
  </datafield>
  <datafield tag="952" ind1=" " ind2=" ">
    <subfield code="0">0</subfield>
    <subfield code="1">0</subfield>
    <subfield code="2">udc</subfield>
    <subfield code="4">0</subfield>
    <subfield code="7">0</subfield>
    <subfield code="a">BIBTCEMT</subfield>
    <subfield code="b">BIBTCEMT</subfield>
    <subfield code="d">2008-09-23</subfield>
    <subfield code="l">0</subfield>
    <subfield code="o">82-1(817.2) M386c</subfield>
    <subfield code="p">BIBTCEMT23111293</subfield>
    <subfield code="r">2023-11-29</subfield>
    <subfield code="t">Ex. 1</subfield>
    <subfield code="w">2023-11-29</subfield>
    <subfield code="y">LV</subfield>
  </datafield>
  <datafield tag="952" ind1=" " ind2=" ">
    <subfield code="0">0</subfield>
    <subfield code="1">0</subfield>
    <subfield code="2">udc</subfield>
    <subfield code="4">0</subfield>
    <subfield code="7">0</subfield>
    <subfield code="a">BIBTCEMT</subfield>
    <subfield code="b">BIBTCEMT</subfield>
    <subfield code="d">2008-09-23</subfield>
    <subfield code="l">0</subfield>
    <subfield code="o">82-1(817.2) M386c</subfield>
    <subfield code="p">BIBTCEMT23111294</subfield>
    <subfield code="r">2023-11-29</subfield>
    <subfield code="t">Ex. 2</subfield>
    <subfield code="w">2023-11-29</subfield>
    <subfield code="y">LV</subfield>
  </datafield>
  <datafield tag="952" ind1=" " ind2=" ">
    <subfield code="0">0</subfield>
    <subfield code="1">0</subfield>
    <subfield code="2">udc</subfield>
    <subfield code="4">0</subfield>
    <subfield code="7">0</subfield>
    <subfield code="a">BIBTCEMT</subfield>
    <subfield code="b">BIBTCEMT</subfield>
    <subfield code="d">2008-09-23</subfield>
    <subfield code="l">0</subfield>
    <subfield code="o">82-1(817.2) M386c</subfield>
    <subfield code="p">BIBTCEMT23111295</subfield>
    <subfield code="r">2023-11-29</subfield>
    <subfield code="t">Ex. 3</subfield>
    <subfield code="w">2023-11-29</subfield>
    <subfield code="y">LV</subfield>
  </datafield>
  <datafield tag="952" ind1=" " ind2=" ">
    <subfield code="0">0</subfield>
    <subfield code="1">0</subfield>
    <subfield code="2">udc</subfield>
    <subfield code="4">0</subfield>
    <subfield code="7">0</subfield>
    <subfield code="a">BIBTCEMT</subfield>
    <subfield code="b">BIBTCEMT</subfield>
    <subfield code="d">2008-09-23</subfield>
    <subfield code="l">0</subfield>
    <subfield code="o">82-1(817.2) M386c</subfield>
    <subfield code="p">BIBTCEMT23111296</subfield>
    <subfield code="r">2023-11-29</subfield>
    <subfield code="t">Ex. 4</subfield>
    <subfield code="w">2023-11-29</subfield>
    <subfield code="y">LV</subfield>
  </datafield>
  <datafield tag="952" ind1=" " ind2=" ">
    <subfield code="0">0</subfield>
    <subfield code="1">0</subfield>
    <subfield code="2">udc</subfield>
    <subfield code="4">0</subfield>
    <subfield code="7">0</subfield>
    <subfield code="a">BIBTCEMT</subfield>
    <subfield code="b">BIBTCEMT</subfield>
    <subfield code="d">2008-09-23</subfield>
    <subfield code="l">0</subfield>
    <subfield code="o">82-1(817.2) M386c</subfield>
    <subfield code="p">BIBTCEMT23111297</subfield>
    <subfield code="r">2023-11-29</subfield>
    <subfield code="t">Ex. 5</subfield>
    <subfield code="w">2023-11-29</subfield>
    <subfield code="y">LV</subfield>
  </datafield>
  <datafield tag="999" ind1=" " ind2=" ">
    <subfield code="c">1119</subfield>
    <subfield code="d">1119</subfield>
  </datafield>
</record>
